| 000 | 00351nam a2200109Ia 4500 | ||
|---|---|---|---|
| 008 | 171211s9999 xx 000 0 und d | ||
| 245 | _aMen's Health: Zu mir oder zu ihr?: Die 66 wichtigsten Sex-Fragen der Männer | ||
| 245 | _cMeenakshi Gigi Durham | ||
| 260 | _c2006 | ||
| 650 | _xSexuality | ||
| 856 | _uhttp://down.ebook777.com/060/9783898993180.pdf | ||
| 999 |
_c350686 _d350686 |
||